The Codex Alimentarius Commission and Its Standards : (Record no. 619903)

MARC details
000 -LEADER
fixed length control field 00527nam a2200193 a 4500
008 - FIXED-LENGTH DATA ELEMENTS--GENERAL INFORMATION
fixed length control field 260424s2007##################000#0#eng##
020 ## - INTERNATIONAL STANDARD BOOK NUMBER
ISBN 9789067042567
082 04 - DEWEY DECIMAL CLASSIFICATION NUMBER
Classification number 344MAS
100 1# - MAIN ENTRY--AUTHOR NAME
Personal name Masson-Matthee, Mariëlle D.,
245 10 - TITLE STATEMENT
Title The Codex Alimentarius Commission and Its Standards :
260 ## - PUBLICATION, DISTRIBUTION, ETC. (IMPRINT)
Name of publisher T.M.C. Asser Press,
Year of publication 2007.
300 ## - PHYSICAL DESCRIPTION
Number of Pages 370 pages
650 #0 - SUBJECT ADDED ENTRY--TOPICAL TERM
Topical Term Law.
942 ## - ADDED ENTRY ELEMENTS (KOHA)
Koha item type English Books
Holdings
Withdrawn status Lost status Damaged status Not for loan Home library Current library Date acquired Full call number Accession Number Price effective from Koha item type
        Anna Centenary Library Anna Centenary Library 24.04.2026 344MAS 240003 24.04.2026 English Books

Find us on the map